Problemas de autenticidad en torno al "Curso teológico salmanticense" (Registro nro. 70136)
[ vista simple ]
| 000 -LÍDER | |
|---|---|
| Campo fijo de descripción fija | 01097nam a2200217 4500 |
| 001 - NÚMERO DE CONTROL | |
| Campo de control | 768714001 |
| 003 - IDENTIFICADOR DEL NÚMERO DE CONTROL | |
| Campo de control | CO-MdFUSB |
| 005 - FECHA Y HORA DE LA ULTIMA TRANSACCIÓN | |
| control field | 20240612075034.0 |
| 008 - ELEMENTOS DE LONGITUD FIJA -- INFORMACIÓN GENERAL | |
| Campo fijo de descripción fija -- Información general | 240611t1958 sp ||||| |||| 00| 0 spa d |
| 040 ## - FUENTE DE CATALOGACIÓN | |
| Idioma de catalogación | spa |
| Agencia que realiza la transcripción | CO-MdFUSB |
| Agencia que realiza la modificación | CO-MdFUSB |
| 041 ## - CÓDIGO DE IDIOMA | |
| Código de idioma para texto/pista de sonido o título separado | spa |
| 100 ## - ASIENTO PRINCIPAL--NOMBRE PERSONAL | |
| Nombre personal | Sagrado Corazón, Enrique del, |
| Término relacionador | autor |
| 245 ## - TÍTULO | |
| Título | Problemas de autenticidad en torno al "Curso teológico salmanticense" |
| Mención de responsabilidad | / Enrique del Sagrado Corazón |
| 520 ## - NOTA DE RESUMEN, ETC. | |
| Nota de sumario, etc. | La historia critica del «Curso Teològico Sahnanticense» (CTS), no está aún escrita; podemos decir que apenas si está iniciada. El hecho no puede menos de sorprender, tanto más si se considera Ia importancia y Ia transcendencia de los Salmanticenses en Ia historia de Ia teología española del siglo XVII. |
| 650 #7 - ASIENTO SECUNDARIO DE MATERIA - TERMINO TEMÁTICO | |
| Término temático o nombre geográfico como elemento de entrada | Fe y razón |
| 9 (RLIN) | 532 |
| 650 #7 - ASIENTO SECUNDARIO DE MATERIA - TERMINO TEMÁTICO | |
| Término temático o nombre geográfico como elemento de entrada | Teología doctrinal |
| 9 (RLIN) | 179 |
| 650 #7 - ASIENTO SECUNDARIO DE MATERIA - TERMINO TEMÁTICO | |
| Término temático o nombre geográfico como elemento de entrada | Hermenéutica |
| 9 (RLIN) | 418 |
| 773 0# - ASIENTO DE ITEM FUENTE | |
| Biblionumber | 70126 |
| Itemnumber | 82744 |
| Lugar, editorial y fecha de publicación | Salamanca, España : |
| Otro identificador del ítem | R2619 |
| Título | Salmanticensis |
| Número de control del registro | (CO-MdFUSB)768714001 |
| Parte(s) relacionada(s) / Volumen., número. (mes año), páginas | Volumen 5, (fascículo 1, 1958) páginas: 81 - 106 |
| Enumeración y primera página | página: 81 |
| 942 ## - TIPO DE MATERIAL (KOHA) | |
| Tipo de Item KOHA | Artículos de Revista |
| 945 ## - INFORMACIÓN LOCAL DEL REGISTRO | |
| Catalogador | Catherine Arias Alvarez - Practicante SENA |
No hay ítems disponibles.
